[Event "Budapest-chT1 Lilienthal 1314"]
[Site "Budapest"]
[Date "2013.11.24"]
[Round "4"]
[White "Nadasi, Balazs"]
[Black "Ravasz, Laszlo"]
[Result "1/2-1/2"]
[WhiteElo "2121"]
[BlackElo "2120"]
[PlyCount "26"]
[EventDate "2013.09.29"]
[EventType "team-tourn"]
[EventRounds "11"]
[EventCountry "HUN"]
[SourceTitle "EXT 2021"]
[Source "ChessBase"]
[SourceDate "2020.10.23"]
[SourceVersion "1"]
[SourceVersionDate "2020.10.23"]
[SourceQuality "1"]
[WhiteTeam "Sarkany II"]
[BlackTeam "Barcza GSC"]
[WhiteTeamCountry "HUN"]
[BlackTeamCountry "HUN"]

1. e4 g6 2. d4 Bg7 3. Nc3 c6 4. Be3 d6 5. f4 d5 6. e5 h5 7. Be2 Nh6 8. Nf3 Bg4 9. Ng5 e6 10. Bf2 Nd7 11. Qd2 b5 12. a3 Nb6 13. b3 Bf8 1/2-1/2

[Event "Budapest-chT1 Lilienthal 1213"]
[Site "Budapest"]
[Date "2013.03.10"]
[Round "9"]
[White "Zoldy, Robert"]
[Black "Ravasz, Laszlo"]
[Result "0-1"]
[WhiteElo "1957"]
[BlackElo "2125"]
[PlyCount "42"]
[EventDate "2012.09.30"]
[EventType "team-tourn"]
[EventRounds "11"]
[EventCountry "HUN"]
[SourceTitle "EXT 2019"]
[Source "ChessBase"]
[SourceDate "2018.10.10"]
[SourceVersion "1"]
[SourceVersionDate "2018.10.10"]
[SourceQuality "1"]
[WhiteTeam "Budapest Ujpest KSE"]
[BlackTeam "Barcza GSC"]
[WhiteTeamCountry "HUN"]
[BlackTeamCountry "HUN"]

1. c4 g6 2. Nc3 Bg7 3. b3 Nf6 4. Bb2 0-0 5. g3 c5 6. Bg2 Nc6 7. e3 e6 8. Nge2 d5 9. d4 cxd4 10. Nxd4 dxc4 11. bxc4 Na5 12. Qe2 e5 13. Nf3 Re8 14. Rd1 Qb6 15. Nd5 Nxd5 16. cxd5 Bd7 17. Bc3 Rac8 18. Bxa5 Qxa5+ 19. Qd2 Qa4 20. Rb1 Rc2 21. Rb4 Qxa2 0-1

[Event "Budapest-chT1 Lilienthal 1112"]
[Site "Budapest"]
[Date "2012.02.26"]
[Round "8"]
[White "Mester, Attila"]
[Black "Ravasz, Laszlo"]
[Result "1-0"]
[WhiteElo "2122"]
[BlackElo "2145"]
[PlyCount "65"]
[EventDate "2011.10.02"]
[EventType "team-tourn"]
[EventRounds "11"]
[EventCountry "HUN"]
[SourceTitle "EXT 2020"]
[Source "ChessBase"]
[SourceDate "2019.10.17"]
[SourceVersion "1"]
[SourceVersionDate "2019.10.17"]
[SourceQuality "1"]
[WhiteTeam "Penzugyor III"]
[BlackTeam "Barcza GSC"]
[WhiteTeamCountry "HUN"]
[BlackTeamCountry "HUN"]

1. e4 g6 2. d4 Bg7 3. Nc3 c6 4. Be3 d6 5. h3 Nd7 6. Qd2 b5 7. a3 Nb6 8. Nf3 Nc4 9. Bxc4 bxc4 10. 0-0 d5 11. Qe2 e6 12. e5 h5 13. Na4 Nh6 14. Nc5 Nf5 15. Bg5 Qb6 16. Qd2 Bf8 17. Bf6 Bh6 18. Qc3 Rg8 19. g4 Ne7 20. Kg2 Rb8 21. Rab1 Bf4 22. b3 cxb3 23. Rxb3 Qc7 24. Rfb1 Rxb3 25. Rxb3 hxg4 26. hxg4 g5 27. Qb2 Rg6 28. Bxe7 Kxe7 29. Rb8 f5 30. Qb4 Kf7 31. Nb7 Rg8 32. Qd6 Qb6 33. Rxc8 1-0

[Event "Budapest-chT1 Lilienthal 1112"]
[Site "Budapest"]
[Date "2011.11.20"]
[Round "3"]
[White "Ravasz, Laszlo"]
[Black "Prorok, Marton"]
[Result "1/2-1/2"]
[WhiteElo "2145"]
[BlackElo "2236"]
[PlyCount "68"]
[EventDate "2011.10.02"]
[EventType "team-tourn"]
[EventRounds "11"]
[EventCountry "HUN"]
[SourceTitle "EXT 2020"]
[Source "ChessBase"]
[SourceDate "2019.10.17"]
[SourceVersion "1"]
[SourceVersionDate "2019.10.17"]
[SourceQuality "1"]
[WhiteTeam "Barcza GSC"]
[BlackTeam "Fabulon"]
[WhiteTeamCountry "HUN"]
[BlackTeamCountry "HUN"]

1. Nf3 f5 2. g3 b6 3. Bg2 Bb7 4. 0-0 e6 5. c4 g5 6. e4 fxe4 7. Ne5 Nf6 8. d4 Rg8 9. Nc3 g4 10. d5 Bd6 11. Bf4 Qe7 12. Nxe4 Nxe4 13. Bxe4 Na6 14. dxe6 Bxe4 15. exd7+ Kd8 16. Re1 Bxe5 17. Rxe4 Qxd7 18. Rxe5 Kc8 19. Qe2 Kb7 20. Rd1 Qc6 21. a3 Raf8 22. b4 Qf3 23. Qe4+ Qxe4 24. Rxe4 Rf7 25. Rd5 Nb8 26. Rg5 Rxg5 27. Bxg5 h5 28. Kg2 a6 29. Bf4 Nc6 30. Bd2 Re7 31. Rxe7 Nxe7 32. h3 Nf5 33. Bf4 Nd4 34. Be5 Nf3 1/2-1/2

[Event "Budapest-chT1 Lilienthal 1112"]
[Site "Budapest"]
[Date "2011.10.02"]
[Round "1"]
[White "Zilahi, Gabor"]
[Black "Ravasz, Laszlo"]
[Result "0-1"]
[WhiteElo "2022"]
[BlackElo "2145"]
[PlyCount "88"]
[EventDate "2011.10.02"]
[EventType "team-tourn"]
[EventRounds "11"]
[EventCountry "HUN"]
[SourceTitle "EXT 2020"]
[Source "ChessBase"]
[SourceDate "2019.10.17"]
[SourceVersion "1"]
[SourceVersionDate "2019.10.17"]
[SourceQuality "1"]
[WhiteTeam "Budapest Vasas II"]
[BlackTeam "Barcza GSC"]
[WhiteTeamCountry "HUN"]
[BlackTeamCountry "HUN"]

1. d4 g6 2. Bg5 Bg7 3. Nf3 c5 4. e3 Qb6 5. Nc3 cxd4 6. exd4 Nc6 7. Be3 a6 8. Rb1 Qa5 9. Bc4 e6 10. 0-0 d5 11. Be2 Nge7 12. Qd2 Nf5 13. Rfd1 Nxe3 14. Qxe3 0-0 15. Bf1 Rd8 16. Qf4 f6 17. a3 e5 18. Qd2 e4 19. b4 Qc7 20. Ne1 f5 21. Ne2 Be6 22. c3 Rf8 23. g3 Qe7 24. Nf4 Bf7 25. Qa2 Rfd8 26. c4 dxc4 27. Bxc4 Rxd4 28. Rxd4 Bxd4 29. Nc2 Rd8 30. Ne2 b5 31. Bb3 Bb6 32. Ne3 Bxe3 33. fxe3 Ne5 34. Nd4 Rc8 35. Rd1 Rc3 36. Bxf7+ Nxf7 37. a4 Rxe3 38. Nc6 Qf6 39. axb5 axb5 40. Rd8+ Kg7 41. Rd7 Rd3 42. Rb7 Rd1+ 43. Kg2 e3 44. Kf3 Qxc6+ 0-1

[Event "HUN-chT2 Charousek 0809"]
[Site "Hungary"]
[Date "2008.12.21"]
[Round "4"]
[White "Ravasz, Laszlo"]
[Black "Monda, Laszlo"]
[Result "0-1"]
[WhiteElo "2103"]
[BlackElo "2131"]
[PlyCount "48"]
[EventDate "2008.10.26"]
[EventType "team-tourn"]
[EventRounds "11"]
[EventCountry "HUN"]
[SourceTitle "EXT 2010"]
[Source "ChessBase"]
[SourceDate "2010.11.25"]
[SourceVersion "1"]
[SourceVersionDate "2010.11.25"]
[SourceQuality "1"]
[WhiteTeam "Barcza"]
[BlackTeam "Tapolca"]
[WhiteTeamCountry "HUN"]
[BlackTeamCountry "HUN"]

1. d4 Nf6 2. c4 e6 3. Nc3 b6 4. e4 Bb7 5. f3 d6 6. Bd3 Nbd7 7. Nge2 Be7 8. Be3 0-0 9. Qd2 c5 10. 0-0 cxd4 11. Nxd4 Rc8 12. b3 Ne5 13. Bc2 d5 14. exd5 exd5 15. Nxd5 Bxd5 16. cxd5 Qxd5 17. Bf5 Rcd8 18. Rad1 Bc5 19. Qf2 Rfe8 20. g4 g6 21. b4 Nc4 22. bxc5 Nxe3 23. Bb1 Nxd1 24. Rxd1 bxc5 0-1

[Event "HUN-chT2 Charousek 0809"]
[Site "Hungary"]
[Date "2008.10.26"]
[Round "1"]
[White "Teglas, Balazs"]
[Black "Ravasz, Laszlo"]
[Result "0-1"]
[WhiteElo "2173"]
[BlackElo "2103"]
[PlyCount "50"]
[EventDate "2008.10.26"]
[EventType "team-tourn"]
[EventRounds "11"]
[EventCountry "HUN"]
[SourceTitle "EXT 2010"]
[Source "ChessBase"]
[SourceDate "2010.11.25"]
[SourceVersion "1"]
[SourceVersionDate "2010.11.25"]
[SourceQuality "1"]
[WhiteTeam "Hobagoly"]
[BlackTeam "Barcza"]
[WhiteTeamCountry "HUN"]
[BlackTeamCountry "HUN"]

1. d4 g6 2. e4 Bg7 3. Nf3 d6 4. Bc4 Nf6 5. Qe2 c6 6. Bb3 Bg4 7. Nbd2 a5 8. a4 0-0 9. 0-0 Qc7 10. h3 Bxf3 11. Nxf3 e5 12. dxe5 dxe5 13. Bg5 Nbd7 14. Qe3 b6 15. Nd2 Nc5 16. Bc4 Nh5 17. Qa3 h6 18. Be3 Rfd8 19. Rfd1 Bf8 20. Bxc5 Bxc5 21. Qf3 Rd6 22. Nb3 Rf6 23. Qg4 Bxf2+ 24. Kh1 Ng3+ 25. Kh2 h5 0-1